| 000 | 00437 a2200157 4500 | ||
|---|---|---|---|
| 999 |
_c5290 _d5290 |
||
| 020 | _a9780908387755 | ||
| 050 | 0 | 0 | _aN 745 MOO 1996 |
| 100 | 1 |
_aMoore, Anne-Marie _eauthor |
|
| 245 | 1 | 0 |
_aCreative calligraphy / _cAnne-Marie Moore |
| 264 |
_aJohannesburg,South Africa: _bDelta Books, _c1996 |
||
| 300 |
_a160 p. : _bill. ; |
||
| 500 | _aIncludes index | ||
| 500 | _aIncludes index | ||
| 650 | 0 | _aCalligraphy. | |
| 942 |
_2lcc _cBK _h745 _iMOO _kN |
||